UBT Library

Topics in advanced econometrics / (Record no. 42149)

000 -LEADER
fixed length control field 00763cam a2200241 a 4500
001 - CONTROL NUMBER
control field 3872188
005 - DATE AND TIME OF LATEST TRANSACTION
control field 20180208075228.0
008 - FIXED-LENGTH DATA ELEMENTS--GENERAL INFORMATION
fixed length control field 890906m19891994nyu b 001 0 eng
010 ## - LIBRARY OF CONGRESS CONTROL NUMBER
LC control number 89027330
020 ## - INTERNATIONAL STANDARD BOOK NUMBER
International Standard Book Number 0387971785 (v. 1 : alk. paper)
020 ## - INTERNATIONAL STANDARD BOOK NUMBER
International Standard Book Number 0387941568 (v. 2 : alk. paper)
040 ## - CATALOGING SOURCE
Original cataloging agency DLC
Transcribing agency DLC
Modifying agency DLC
041 ## - LANGUAGE CODE
Language code of text/sound track or separate title eng
080 ## - UNIVERSAL DECIMAL CLASSIFICATION NUMBER
Universal Decimal Classification number 330..015195 dhy
082 00 - DEWEY DECIMAL CLASSIFICATION NUMBER
Classification number 330..015195 dhy
Edition number 20
100 1# - Rafti
Rafti 50
101 ## - Shkurtesa
Shkurtesa eco
245 10 - TITLE STATEMENT
Title Topics in advanced econometrics /
Statement of responsibility, etc Phoebus J. Dhrymes.
504 ## - BIBLIOGRAPHY, ETC. NOTE
Bibliography, etc Includes bibliographical references and indexes.
906 ## - LOCAL DATA ELEMENT F, LDF (RLIN)
a 7
b cbc
c orignew
d 1
e ocip
f 19
g y-gencatlg
942 ## - ADDED ENTRY ELEMENTS (KOHA)
Source of classification or shelving scheme
Item type Books
Holdings
Withdrawn status Lost status Source of classification or shelving scheme Damaged status Not for loan Collection code Permanent location Current location Shelving location Date acquired Total Checkouts Full call number Barcode Date last seen Price effective from Koha item type
          Koleksioni i përgjithshem UBT - Lipjan UBT - Lipjan Koleksioni i përgjithshem 02/08/2018   330..015195 dhy 002-2998649 02/08/2018 02/08/2018 Books
UBT Library © 2015-2024. All rights reserved University Education for Business and Technology